| 000 | 03384cas a2200661 a 4500 | ||
|---|---|---|---|
| 001 | conservationbiol232soci | ||
| 003 | CaSfIA | ||
| 005 | 20230525155322.0 | ||
| 007 | cr|||| | ||
| 008 | 860617c19879999maubr p 0 a0eng c | ||
| 010 |
_a 88659972 _zsn 86014225 |
||
| 012 | _a-3-7-1002110532-p----- | ||
| 016 | 7 |
_a9882301 _2DNLM |
|
| 022 | 0 |
_a0888-8892 _l0888-8892 _21 |
|
| 030 | _aCBIOEF | ||
| 032 |
_a003917 _bUSPS |
||
| 035 | _a(OCoLC)ocm13740815 | ||
| 037 | _bJournals Subscription Dept., Blackwell Science, Inc., 238 Main Street, Cambridge, MA | ||
| 040 |
_aNSDP _cNSDP _dMH _dNSDP _dNST _dDI _dDLC _dDNAL _dDLC _dNST _dN _dNSDP _dNST _dDNAL _dNST _dDLC _dInU _dOCoLC _dMCM _dTNJ _dCU-S _dDLC _dMH _dOCoLC _dPBL _dDNLM _dDLC _dOCoLC _dCaQMU _dNLGGC _dDNLM _dMiEM _dMtU _dOCoLC _dCaSfIA |
||
| 042 |
_ansdp _apcc |
||
| 050 | 0 | 0 |
_aQH75.A1 _bC665 |
| 051 |
_ahttp://www.jstor.org/journals/08888892.html _cELECTRONIC COPY |
||
| 060 | 0 | 0 |
_aW1 _bCO748F |
| 070 | 0 | _aQH75.A1C5 | |
| 072 | 0 | _aP000 | |
| 082 | 0 | 0 |
_a639.9/05 _219 |
| 210 | 0 | _aConserv. biol. | |
| 222 | 0 | _aConservation biology | |
| 245 | 0 | 0 |
_aConservation biology : _h[electronic resource] _bthe journal of the Society for Conservation Biology. |
| 260 |
_aBoston, Mass. : _bBlackwell Scientific Publications, _c1987- |
||
| 300 |
_av. : _bill. ; _c28 cm. |
||
| 310 |
_aBimonthly, _b1995- |
||
| 321 |
_aQuarterly, _b1987-1994 |
||
| 362 | 0 | _aVol. 1, no. 1 (May 1987)- | |
| 500 | _aTitle from cover. | ||
| 500 | _aImprint varies. | ||
| 500 | _aLatest issue consulted: Vol. 20, no. 2 (Apr. 2006). | ||
| 590 | _aSERBIB/SERLOC merged record | ||
| 650 | 0 |
_aConservation biology _vPeriodicals. |
|
| 650 | 6 |
_aBiologie de la conservation _vPériodiques. |
|
| 650 | 1 | 7 |
_aNatuurbehoud. _2gtt |
| 650 | 1 | 2 |
_aConservation of Natural Resources _vPeriodicals. |
| 650 | 2 | 2 |
_aBiology _vPeriodicals. |
| 650 | 2 | 2 |
_aEnvironment _vPeriodicals. |
| 710 | 2 | _aSociety for Conservation Biology. | |
| 776 | 0 | 8 |
_iOnline version: _tConservation biology (Online) _x1523-1739 _w(DLC)sn 98005135 _w(OCoLC)40578314 |
| 856 | 4 | 1 |
_uhttp://www.archive.org/details/conservationbiol232soci _zFree eBook from the Internet Archive _3Volume 23-2 |
| 859 | 4 | 1 |
_uhttp://firstsearch.oclc.org _zAddress for accessing the journal using authorization number and password through OCLC FirstSearch Electronic Collections Online. Subscription to online journal required for access to abstracts and full text |
| 859 | 4 | 1 |
_uhttp://firstsearch.oclc.org/journal=0888-8892;screen=info;ECOIP _zAddress for accessing the journal from an authorized IP address through OCLC FirstSearch Electronic Collections Online. Subscription to online journal required for access to abstracts and full text |
| 859 | 4 | 1 | _uhttp://www.blackwell-synergy.com/member/institutions/issuelist.asp?journal=cb |
| 859 | 4 | 1 | _uhttp://www.jstor.org/journals/08888892.html |
| 859 | 4 | _ahttp://www.blackwell-synergy.com/loi/cbi | |
| 890 |
_aConservation biology. _i88-659972 |
||
| 999 |
_c25012 _d25012 |
||